00427nam a2200121Ia 4500008004100000024006000041082001900101100007700120245001700197260002600214600003200240650003300272260210s9999 xx 000 0 und d a15B-201-EL, 15B-205-EL, 15B-214-EL & 15B-112-EL a004.165072 WAl aWaliullah Qadri, Muhammad Junaid Mirza, Shajee Nazar & Sana Siddique 0aGesture Talk aKarachi:bUITU,c2015 aComputer System Engineering aBachelor of Engineering (BE)